LEADER 02590oas 2200961 a 450 001 9910139371803321 005 20260218110320.0 011 $a1846-3908 035 $a(OCoLC)64201834 035 $a(CONSER) 2010263409 035 $a(CKB)958480164311 035 $a(DE-599)ZDB2193737-0 035 $a(DE-599)2193737-0 035 $a(EXLCZ)99958480164311 100 $a20060222a19939999 uy 101 0 $aeng 135 $aur||||||||||| 181 $ctxt$2rdacontent 182 $cc$2rdamedia 183 $acr$2rdacarrier 200 00$aJournal of computing and information technology 210 $a[Zagreb, Croatia] $cUniversity Computing Centre 215 $a1 online resource 300 $aRefereed/Peer-reviewed 311 08$a1330-1136 517 1 $aCIT 517 1 $aCIT journal of computing and information technology 517 1 $aECIT 517 1 $aComputing and information technology 531 0 $aJ. comput. inf. technol. 606 $aComputer science$vPeriodicals 606 $aComputer Systems 606 $aComputer Simulation 606 $aArtificial Intelligence 606 $aInformatique$vPe?riodiques 606 $aSyste?mes informatiques 606 $aSimulation par ordinateur 606 $aIntelligence artificielle 606 $asimulation$2aat 606 $aartificial intelligence$2aat 606 $aComputer science$2fast$3(OCoLC)fst00872451 608 $aPeriodicals.$2fast 615 0$aComputer science 615 2$aComputer Systems. 615 2$aComputer Simulation. 615 2$aArtificial Intelligence. 615 6$aInformatique 615 6$aSyste?mes informatiques. 615 6$aSimulation par ordinateur. 615 6$aIntelligence artificielle. 615 7$asimulation. 615 7$aartificial intelligence. 615 7$aComputer science. 712 02$aSveuc?ilis?te u Zagrebu.$bSveuc?ilis?ni rac?unski centar. 801 0$bSNM 801 1$bSNM 801 2$bOCLCQ 801 2$bTXA 801 2$bNHM 801 2$bTXA 801 2$bCUS 801 2$bOCLCQ 801 2$bOCLCO 801 2$bOCLCQ 801 2$bOCLCO 801 2$bOCLCF 801 2$bOCLCO 801 2$bOCLCQ 801 2$bUAB 801 2$bOCLCA 801 2$bCUS 801 2$bOCLCA 801 2$bOCLCQ 801 2$bXFH 801 2$bOCLCL 801 2$bSRU 801 2$bVLY 801 2$bUEJ 801 2$bOCLCQ 906 $aJOURNAL 912 $a9910139371803321 996 $aJournal of computing and information technology$92222393 997 $aUNINA